| 000 | 00352nam a22001217a 4500 | ||
|---|---|---|---|
| 082 | _a220 PRO | ||
| 100 |
_aAHMAD TARIQ, ALBAB AHMAD KHAN, FARAZ TAHIR, MUJAHID ABBAS _971634 |
||
| 245 | _aPR-SOF-1478-EYE EXPLORER.PDF | ||
| 260 |
_aISLAMABAD _bNUST COLLEGE OF EME _c2015 |
||
| 650 |
_aDE-COMP-33 _971635 |
||
| 700 |
_aDR USMAN AKRAM _931693 |
||
| 942 | _cCR | ||
| 999 |
_c578044 _d578044 |
||